Guess the name of a K-pop song about food and drinks. - Statistics

General Stats
  • This quiz has been taken 10 times
  • The average score is 20 of 118
Answer Stats
Hint Answer % Correct
Blackpink | HyunA | Somi | +3 others Icecream
67%
Baekhyun | H.o.t | Nct dream Candy
56%
Jin Super Tuna
56%
Twice Alcohol free
44%
Txt Blue orangeade
44%
Itzy Cake
44%
Laboum | Straykids Cheese
44%
Itzy | Jiu Cherry
44%
Newjeans Cookie
44%
Exid Cream
44%
Loona Love cherry motion
44%
Saja boy Soda pop
44%
Le sserafim Spaghetti
44%
Gfriend Apple
33%
Oh my girl Banana allergy monkey
33%
Exo Cream soda
33%
Red velvet Icecream cake
33%
Chungha Lemon
33%
Nct 127 Lemonade
33%
IU Peach
33%
Twice Strawberry
33%
Red velvet Blue lemonade
22%
Everglow Bon bon chocolate
22%
Bts Butter
22%
Nct 127 Cherry bomb
22%
Aoa Chocolate
22%
BTS Coffee
22%
Girls generation | Kara | Solar Honey
22%
Babymonster | Nct dream Hot sauce
22%
Wendy Like water
22%
Big bang & 2ne1 | F(x) Lollipop
22%
Kai Peaches
22%
Illit Almond chocolate
11%
Astro Candy sugar pop
11%
Nct dream Chewing gum
11%
Jhope Chicken noodle soup
11%
Redvelvet Cookie jar
11%
Rose Drinks or coffee
11%
Akmu Is it ramen
11%
Ateez Lemon drop
11%
Super junior Mango
11%
Twice Marshmallow
11%
F(x) Milk
11%
Nct dream Smoothie
11%
Le sserafim Sour grapes
11%
Ab6ix | Natty (kiss of life) Sugarcoat
11%
T-ara Sugar free
11%
Kep1er Sugar rush
11%
Txt Sugar rush ride
11%
Lightsum | Taeyeon Vanilla
11%
Hellovenus Would you stay for tea
11%
Idle Allergy
0%
Fiesta Apple pie
0%
Momoland Banana chacha
0%
Clc Cafe mocha please
0%
Twice Candy boy
0%
Taeyeon Candy cane
0%
Nayeon Candyfloss
0%
Lovelyz Candy jelly love
0%
Up10tion Candyland
0%
Brown eyed girls Candy man
0%
Twice Candy pop
0%
Tvxq Champagne
0%
Jackson wang Champagne cool
0%
Aoa Cherry pop
0%
Gugudan Chococo
0%
F(x) | Girls generation Chocolate love
0%
Orange caramel Cookie cream & mint
0%
Astro Cotton candy
0%
Gfriend Crème brûlée
0%
Hyoyeon Dessert
0%
Twice Doughnut
0%
April Dream candy
0%
Twice Espresso
0%
Hyolyn Fruity
0%
N.flying Hot potato
0%
Twice Icecream melting
0%
Red velvet Iced coffee
0%
Aoa I’m jelly baby
0%
Irene & seulgi | Soyeon Jelly
0%
Twice Jelly jelly
0%
Rocket punch Juicy
0%
Mark & jae Jung parc Lemonade love
0%
Tara Little apple
0%
Girls day Macaroon
0%
Orange caramel | Red velvet Milkshake
0%
Red velvet Mojito
0%
9muses Pastry
0%
Twice Peach gelato
0%
Twice Peach soda
0%
Twice Pink lemonade
0%
Lightsum Popcorn
0%
Blackpink Sour candy
0%
Xdinary heroes Strawberry cake
0%
IU Strawberry moon
0%
Laboum Sugar sugar
0%
Le sserafim The world is my oyster
0%
Stray kids Walkin on water
0%
Taeyeon Wine
0%
Nct dream Yogurt shake
0%
No matching quizzes found
Score Distribution
Percent of People with Each Score
Percentile by Number Answered
Your Score History
You have not taken this quiz